| 000 | 00618nam a2200181Ia 4500 | ||
|---|---|---|---|
| 008 | 100920s9999 xx 000 0 und d | ||
| 082 |
_b51578 _a891.464 थ 87 |
||
| 100 | _aपै शिरीष. | ||
| 245 | _aवडिलांच्या सेवेसी. | ||
| 260 |
_bमुळे नम्रता, नौपाडा, ठाणे. _c1987 |
||
| 300 |
_a200 _bसाधी |
||
| 365 | _b60 | ||
| 520 | _aनिबंध. | ||
| 630 | _aवडिलांच्या सेवेसी. | ||
| 650 | _aनिबंध. | ||
| 730 | _aवडिलांच्या सेवेसी. | ||
| 942 | _cBOOK | ||
| 999 |
_c697292 _d697289 |
||